[Event "Urals-ch"]
[Site "Cheliabinsk"]
[Date "2022.03.16"]
[Round "1"]
[White "Iskusnyh, Sergei"]
[Black "Bratov, Ademir"]
[Result "1-0"]
[WhiteElo "2473"]
[BlackElo "1871"]
[PlyCount "73"]
[EventDate "2022.03.16"]
[EventType "swiss"]
[EventRounds "9"]
[EventCountry "RUS"]
[SourceTitle "CBM 207 Extra"]
[Source "ChessBase"]
[SourceDate "2022.05.31"]
[SourceVersion "1"]
[SourceVersionDate "2022.05.31"]
[SourceQuality "1"]

1. d4 c5 2. d5 e5 3. e4 d6 4. Bb5+ Bd7 5. a4 a6 6. Be2 Be7 7. Nf3 Bg4 8. Na3 Nd7 9. 0-0 Ngf6 10. Ne1 Bxe2 11. Qxe2 b5 12. Rb1 b4 13. Nc4 0-0 14. a5 Ne8 15. c3 Rb8 16. cxb4 Rxb4 17. Qc2 Nc7 18. Nd3 Rb7 19. b4 f5 20. bxc5 fxe4 21. Ndxe5 Nxc5 22. Nc6 Qe8 23. Rxb7 Nxb7 24. Qxe4 Bf6 25. Qb1 Nb5 26. Na3 Qe2 27. Nxb5 axb5 28. a6 Nc5 29. a7 Qc4 30. Qf5 Qa2 31. Be3 Bh4 32. Qb1 Qxd5 33. Qxb5 Qa2 34. g3 Bf6 35. Bxc5 dxc5 36. Qxc5 Qa6 37. Rb1 1-0

[Event "Khanty-Mansiysk Governor Cup 17th"]
[Site "Khanty-Mansiysk"]
[Date "2021.11.19"]
[Round "9"]
[White "Zakirov, Musa"]
[Black "Bratov, Ademir"]
[Result "1-0"]
[WhiteElo "1894"]
[BlackElo "1940"]
[PlyCount "105"]
[EventDate "2021.11.11"]
[EventType "swiss"]
[EventRounds "9"]
[EventCountry "RUS"]
[SourceTitle "CBM 205 Extra"]
[Source "ChessBase"]
[SourceDate "2022.01.31"]
[SourceVersion "1"]
[SourceVersionDate "2022.01.31"]
[SourceQuality "1"]

1. e4 e5 2. Nf3 Nc6 3. Bc4 Bc5 4. c3 Nf6 5. d3 d6 6. 0-0 a6 7. a4 Ba7 8. Nbd2 Ne7 9. Re1 Ng6 10. Nf1 0-0 11. Ng3 Be6 12. Bxe6 fxe6 13. d4 exd4 14. cxd4 d5 15. e5 Nd7 16. b4 a5 17. b5 c5 18. bxc6 bxc6 19. Ng5 Qe8 20. Be3 h6 21. Nf3 c5 22. Ne2 c4 23. Nc3 Nf4 24. Bxf4 Rxf4 25. g3 Rxf3 26. Qxf3 Bxd4 27. Nxd5 Nxe5 28. Rxe5 Bxe5 29. Re1 exd5 30. Qxd5+ Kh8 31. Rxe5 Qb8 32. Re7 c3 33. Qd4 Qf8 34. Rc7 Rc8 35. Qxc3 Rxc7 36. Qxc7 Qb4 37. Qc8+ Kh7 38. Qc2+ Kh8 39. h4 Qe1+ 40. Kg2 Qb4 41. Kf3 Qd4 42. Qc8+ Kh7 43. Qf5+ Kh8 44. Qxa5 Qd3+ 45. Kg2 Qe4+ 46. Kg1 Qb1+ 47. Kh2 Qc2 48. Qa7 g5 49. hxg5 hxg5 50. a5 g4 51. a6 Qg6 52. Qb7 Qf7 53. Kg2 1-0

[Event "Khanty-Mansiysk Governor Cup 17th"]
[Site "Khanty-Mansiysk"]
[Date "2021.11.17"]
[Round "7"]
[White "Zemlyanskii, Ivan"]
[Black "Bratov, Ademir"]
[Result "1-0"]
[WhiteElo "2101"]
[BlackElo "1940"]
[PlyCount "85"]
[EventDate "2021.11.11"]
[EventType "swiss"]
[EventRounds "9"]
[EventCountry "RUS"]
[SourceTitle "CBM 205 Extra"]
[Source "ChessBase"]
[SourceDate "2022.01.31"]
[SourceVersion "1"]
[SourceVersionDate "2022.01.31"]
[SourceQuality "1"]

1. e4 e5 2. Nf3 Nc6 3. Bb5 Nge7 4. Nc3 g6 5. d4 exd4 6. Nd5 Bg7 7. Bg5 h6 8. Bf6 Bxf6 9. Nxf6+ Kf8 10. Qd2 d5 11. Bxc6 Nxc6 12. Nxd5 Bf5 13. Nxc7 Qxc7 14. exf5 Re8+ 15. Kf1 Qb6 16. fxg6 Qxb2 17. Rd1 Qb5+ 18. Kg1 fxg6 19. h4 Re2 20. Qf4+ Qf5 21. Qc7 Qxc2 22. Kh2 Re7 23. Qd6 Kf7 24. Nxd4 Nxd4 25. Rxd4 Rhe8 26. h5 Re6 27. Qg3 Qc5 28. hxg6+ Kg7 29. Qf3 Rxg6 30. Rhd1 Qc7+ 31. Kg1 Re7 32. Rd8 Rf7 33. Qe2 Qc6 34. g3 Qb6 35. R1d4 Qf6 36. R4d7 Qe6 37. Rxf7+ Qxf7 38. Re8 Qf6 39. Re7+ Kh8 40. Rxb7 a6 41. Qe8+ Rg8 42. Qd7 Qg6 43. Qd4+ 1-0

[Event "Khanty-Mansiysk Governor Cup 17th"]
[Site "Khanty-Mansiysk"]
[Date "2021.11.16"]
[Round "6"]
[White "Bratov, Ademir"]
[Black "Miftakhova, Azalia"]
[Result "1-0"]
[WhiteElo "1940"]
[BlackElo "1530"]
[PlyCount "79"]
[EventDate "2021.11.11"]
[EventType "swiss"]
[EventRounds "9"]
[EventCountry "RUS"]
[SourceTitle "CBM 205 Extra"]
[Source "ChessBase"]
[SourceDate "2022.01.31"]
[SourceVersion "1"]
[SourceVersionDate "2022.01.31"]
[SourceQuality "1"]

1. e4 c5 2. f4 e6 3. Nf3 d5 4. e5 Nc6 5. c3 Nh6 6. d4 cxd4 7. cxd4 Qb6 8. Nc3 Nf5 9. Bb5 Bb4 10. Bxc6+ Qxc6 11. Qd3 h5 12. 0-0 b6 13. Bd2 Bxc3 14. Bxc3 a5 15. Rfc1 Ba6 16. Qd2 Qd7 17. b3 0-0 18. Qe1 Qe7 19. b4 Bc4 20. bxa5 bxa5 21. Bxa5 Qa7 22. Bc3 Rfb8 23. a4 Rb3 24. Qf2 Qd7 25. a5 Qb5 26. Nd2 Rxc3 27. Rxc3 Qb2 28. Rac1 Rxa5 29. Nxc4 Qxf2+ 30. Kxf2 dxc4 31. Rxc4 Ra2+ 32. R1c2 Rxc2+ 33. Rxc2 Nxd4 34. Rc7 Nf5 35. g3 Nh6 36. h3 Kh7 37. Kf3 Kg6 38. g4 hxg4+ 39. hxg4 f6 40. Re7 1-0

[Event "Khanty-Mansiysk Governor Cup 17th"]
[Site "Khanty-Mansiysk"]
[Date "2021.11.15"]
[Round "5"]
[White "Ibadov, Dashgyn"]
[Black "Bratov, Ademir"]
[Result "1-0"]
[WhiteElo "2249"]
[BlackElo "1940"]
[PlyCount "127"]
[EventDate "2021.11.11"]
[EventType "swiss"]
[EventRounds "9"]
[EventCountry "RUS"]
[SourceTitle "CBM 205 Extra"]
[Source "ChessBase"]
[SourceDate "2022.01.31"]
[SourceVersion "1"]
[SourceVersionDate "2022.01.31"]
[SourceQuality "1"]

1. e4 e5 2. Nf3 Nc6 3. Nc3 Nf6 4. Bb5 Bb4 5. 0-0 0-0 6. d3 Bxc3 7. bxc3 d6 8. Re1 Bd7 9. Rb1 a6 10. Bxc6 Bxc6 11. Bg5 Re8 12. Nd2 h6 13. Bh4 d5 14. f3 Qd6 15. c4 d4 16. Bxf6 Qxf6 17. Rf1 Qg5 18. Qe2 b6 19. Rf2 f5 20. exf5 Qxf5 21. Re1 Qf8 22. Qd1 Re7 23. Rfe2 Rae8 24. Ne4 Re6 25. Qc1 a5 26. Rf1 Qe7 27. Kh1 b5 28. cxb5 Bxb5 29. Rfe1 Rc6 30. Nf2 Qc5 31. f4 Rce6 32. f5 Rc6 33. f6 Qf8 34. fxg7 Qxg7 35. Qd2 a4 36. Qa5 Rb6 37. Ne4 Bc6 38. Qc5 Qe7 39. Qc4+ Kg7 40. Ng3 Qe6 41. Qc5 Qd5 42. Qa3 Rbb8 43. Nf5+ Kh7 44. Ne7 Qe6 45. Nxc6 Qxc6 46. h3 Qb5 47. Rf2 Qd7 48. Ref1 Re7 49. Rf6 Rb6 50. Qc1 Rxf6 51. Rxf6 Rg7 52. Qxh6+ Kg8 53. Rg6 Rxg6 54. Qxg6+ Kh8 55. Qh5+ Kg8 56. Qxe5 Qf7 57. a3 Qf1+ 58. Kh2 Qa1 59. Qe8+ Kg7 60. Qxa4 Qc3 61. Qc4 Qxa3 62. Qxd4+ Kg6 63. Qg4+ Kh7 64. Qd7+ 1-0

[Event "Khanty-Mansiysk Governor Cup 17th"]
[Site "Khanty-Mansiysk"]
[Date "2021.11.11"]
[Round "1"]
[White "Bratov, Ademir"]
[Black "Iljiushenok, Ilia"]
[Result "0-1"]
[WhiteElo "1940"]
[BlackElo "2554"]
[PlyCount "64"]
[EventDate "2021.11.11"]
[EventType "swiss"]
[EventRounds "9"]
[EventCountry "RUS"]
[SourceTitle "CBM 205 Extra"]
[Source "ChessBase"]
[SourceDate "2022.01.31"]
[SourceVersion "1"]
[SourceVersionDate "2022.01.31"]
[SourceQuality "1"]

1. e4 c5 2. f4 d5 3. exd5 Nf6 4. Bb5+ Bd7 5. Bxd7+ Qxd7 6. c4 e6 7. Qe2 Bd6 8. dxe6 fxe6 9. d3 0-0 10. Nf3 Nc6 11. 0-0 Rae8 12. Nc3 e5 13. f5 Nd4 14. Qd1 h6 15. Nd2 Nxf5 16. Nde4 Bb8 17. Nxf6+ Rxf6 18. Ne4 Rff8 19. Rb1 Rd8 20. b4 cxb4 21. Rxb4 b6 22. Rb2 Nd6 23. Rxf8+ Rxf8 24. Nf2 Qc7 25. g3 Qc6 26. Re2 Nf5 27. Ne4 Rd8 28. Qf1 Nd6 29. Bb2 Nxe4 30. Rxe4 Qd7 31. Bxe5 Bxe5 32. Rxe5 Qd4+ 0-1

[Event "Cheliabinsk Panchenko Memorial op-A"]
[Site "Cheliabinsk"]
[Date "2021.09.20"]
[Round "9"]
[White "Bratov, Ademir"]
[Black "Plyasunov, Daniil"]
[Result "0-1"]
[WhiteElo "1922"]
[BlackElo "2047"]
[PlyCount "62"]
[EventDate "2021.09.13"]
[EventType "swiss"]
[EventRounds "10"]
[EventCountry "RUS"]
[SourceTitle "CBM 204 Extra"]
[Source "ChessBase"]
[SourceDate "2021.11.30"]
[SourceVersion "1"]
[SourceVersionDate "2021.11.30"]
[SourceQuality "1"]

1. e4 c5 2. f4 d5 3. exd5 Nf6 4. Bb5+ Nbd7 5. c4 a6 6. Bxd7+ Bxd7 7. Nf3 e6 8. Qe2 Be7 9. dxe6 Bxe6 10. 0-0 0-0 11. Nc3 Re8 12. d3 Bf5 13. Rd1 Bd6 14. Qf1 Qc7 15. Ne2 Rad8 16. Kh1 Bg6 17. a3 h6 18. b3 Nh5 19. Nh4 Bh7 20. Qf3 Qe7 21. Qxh5 Qxe2 22. Qxe2 Rxe2 23. Bd2 Be7 24. Nf3 Bf6 25. Ba5 Rxd3 26. Re1 Rxe1+ 27. Rxe1 Bf5 28. Nd2 b6 29. Bxb6 Rxd2 30. Bxc5 Rb2 31. b4 Rc2 0-1

[Event "Cheliabinsk Panchenko Memorial op-A"]
[Site "Cheliabinsk"]
[Date "2021.09.19"]
[Round "7"]
[White "Bratov, Ademir"]
[Black "Kairbekova, Amina"]
[Result "0-1"]
[WhiteElo "1922"]
[BlackElo "2036"]
[PlyCount "114"]
[EventDate "2021.09.13"]
[EventType "swiss"]
[EventRounds "10"]
[EventCountry "RUS"]
[SourceTitle "CBM 204 Extra"]
[Source "ChessBase"]
[SourceDate "2021.11.30"]
[SourceVersion "1"]
[SourceVersionDate "2021.11.30"]
[SourceQuality "1"]

1. e4 e5 2. Nf3 Nc6 3. Bc4 Nf6 4. d3 h6 5. c3 d6 6. Nbd2 g6 7. Nf1 Na5 8. Bb5+ c6 9. Ba4 b5 10. Bc2 Bg7 11. Ng3 0-0 12. 0-0 Qc7 13. h3 d5 14. Qe2 Nd7 15. a4 bxa4 16. Rxa4 dxe4 17. Nxe4 f5 18. Ng3 e4 19. dxe4 f4 20. b4 Nb7 21. Nh1 Ne5 22. Bb3+ Kh7 23. Bb2 Nd6 24. Nxe5 Bxe5 25. f3 Qg7 26. Rc1 Nb5 27. Qc2 Qf6 28. Nf2 Qg5 29. Nd3 Bg7 30. Kh1 Rd8 31. Nf2 Qg3 32. Rf1 Nc7 33. c4 Ne6 34. Bxg7 Nxg7 35. Ng4 Bxg4 36. hxg4 h5 37. Qf2 hxg4 38. Qxg3 fxg3 39. fxg4 Rd3 40. Bd1 Ne6 41. Bf3 Rd4 42. Ra6 Rxc4 43. b5 Nd4 44. b6 Kg7 45. Rxa7+ Rxa7 46. bxa7 Ra4 47. Rd1 c5 48. e5 Rxa7 49. Re1 c4 50. e6 Kf6 51. g5+ Ke7 52. Be4 Ra5 53. Bxg6 Rxg5 54. Bb1 c3 55. Kg1 c2 56. Bxc2 Nxc2 57. Rb1 Ne3 0-1

[Event "Cheliabinsk Panchenko Memorial op-A"]
[Site "Cheliabinsk"]
[Date "2021.09.19"]
[Round "8"]
[White "Polosin, Evgeni"]
[Black "Bratov, Ademir"]
[Result "1/2-1/2"]
[WhiteElo "2186"]
[BlackElo "1922"]
[PlyCount "102"]
[EventDate "2021.09.13"]
[EventType "swiss"]
[EventRounds "10"]
[EventCountry "RUS"]
[SourceTitle "CBM 204 Extra"]
[Source "ChessBase"]
[SourceDate "2021.11.30"]
[SourceVersion "1"]
[SourceVersionDate "2021.11.30"]
[SourceQuality "1"]

1. Nc3 e5 2. Nf3 Nc6 3. d4 exd4 4. Nxd4 Nf6 5. Bg5 Bb4 6. a3 Bxc3+ 7. bxc3 h6 8. Bh4 0-0 9. e3 Ne5 10. Nf3 Ng6 11. Bg3 Ne4 12. Qd4 d5 13. c4 c5 14. Qb2 Qa5+ 15. c3 d4 16. Bd3 Nxg3 17. hxg3 dxe3 18. fxe3 Qc7 19. Kf2 Ne5 20. Nxe5 Qxe5 21. Rh4 Bf5 22. Bxf5 Qxf5+ 23. Rf4 Qd3 24. Qxb7 Rab8 25. Qf3 Qxc3 26. Rf1 Rb3 27. Re4 Rxa3 28. Kg1 Ra1 29. Rxa1 Qxa1+ 30. Kh2 Qc3 31. Qf5 Qb4 32. Re5 Qxc4 33. Rxc5 Qb3 34. e4 Qb6 35. Rb5 Qc7 36. Rc5 Qb7 37. Rb5 Qc8 38. Ra5 Qxf5 39. exf5 Ra8 40. f6 g6 41. Ra6 Kf8 42. g4 Ke8 43. g5 h5 44. Kg3 Kd7 45. Kf4 Kc7 46. Ke5 Kb7 47. Ra2 a5 48. Kd6 Ka6 49. Ke7 Ra7+ 50. Kf8 Kb6 51. Rb2+ Ka6 1/2-1/2

[Event "Cheliabinsk Panchenko Memorial op-A"]
[Site "Cheliabinsk"]
[Date "2021.09.18"]
[Round "6"]
[White "Strybuk, Artsiom I"]
[Black "Bratov, Ademir"]
[Result "1-0"]
[WhiteElo "2234"]
[BlackElo "1922"]
[PlyCount "47"]
[EventDate "2021.09.13"]
[EventType "swiss"]
[EventRounds "10"]
[EventCountry "RUS"]
[SourceTitle "CBM 204 Extra"]
[Source "ChessBase"]
[SourceDate "2021.11.30"]
[SourceVersion "1"]
[SourceVersionDate "2021.11.30"]
[SourceQuality "1"]

1. d4 Nf6 2. c4 e6 3. Nf3 d5 4. g3 dxc4 5. Bg2 Nc6 6. 0-0 Rb8 7. e3 Be7 8. Nfd2 0-0 9. Nxc4 Nb4 10. a3 Nbd5 11. e4 Nb6 12. Nxb6 axb6 13. Nc3 c6 14. h3 b5 15. Be3 Re8 16. g4 h6 17. f4 Nh7 18. e5 Qd7 19. Ne4 b6 20. g5 hxg5 21. fxg5 Bb7 22. Qh5 g6 23. Qh6 Bf8 24. Qxh7+ 1-0

[Event "Cheliabinsk Panchenko Memorial op-A"]
[Site "Cheliabinsk"]
[Date "2021.09.14"]
[Round "2"]
[White "Kokarev, Dmitry"]
[Black "Bratov, Ademir"]
[Result "1-0"]
[WhiteElo "2584"]
[BlackElo "1922"]
[PlyCount "91"]
[EventDate "2021.09.13"]
[EventType "swiss"]
[EventRounds "10"]
[EventCountry "RUS"]
[SourceTitle "CBM 204 Extra"]
[Source "ChessBase"]
[SourceDate "2021.11.30"]
[SourceVersion "1"]
[SourceVersionDate "2021.11.30"]
[SourceQuality "1"]

1. e4 e5 2. Nf3 Nc6 3. Bb5 Nge7 4. Nc3 g6 5. d4 exd4 6. Nd5 Bg7 7. Bg5 h6 8. Bf6 Bxf6 9. Nxf6+ Kf8 10. Qd2 d5 11. Bxc6 Nxc6 12. Nxd5 Bf5 13. Qf4 Bxe4 14. Qxe4 Qd6 15. Nxc7 Qxc7 16. 0-0-0 Re8 17. Qh4 Qd8 18. Qxd8 Rxd8 19. Rd2 Rd5 20. Rhd1 Rf5 21. Re2 Rd5 22. c3 Ra5 23. Nxd4 Rxa2 24. Kb1 Ra5 25. Nxc6 bxc6 26. Rd7 a6 27. Kc2 Kg7 28. Rc7 c5 29. c4 h5 30. h4 Kf6 31. Kc3 Rd8 32. Ree7 Rf8 33. Red7 Ke6 34. Rd5 Ra1 35. Rc6+ Ke7 36. Rcxc5 Rc1+ 37. Kd2 Rf1 38. Ke2 Rb1 39. Rc7+ Kf6 40. Rb7 Rc8 41. Rb6+ Ke7 42. Rd4 Rc5 43. Rf4 Re5+ 44. Kd2 Ree1 45. Rxa6 Red1+ 46. Kc3 1-0

[Event "Cheliabinsk Panchenko Memorial op-A"]
[Site "Cheliabinsk"]
[Date "2021.09.13"]
[Round "1"]
[White "Bratov, Ademir"]
[Black "Simantsev, Mikhail"]
[Result "1-0"]
[WhiteElo "1922"]
[BlackElo "2374"]
[PlyCount "79"]
[EventDate "2021.09.13"]
[EventType "swiss"]
[EventRounds "10"]
[EventCountry "RUS"]
[SourceTitle "CBM 204 Extra"]
[Source "ChessBase"]
[SourceDate "2021.11.30"]
[SourceVersion "1"]
[SourceVersionDate "2021.11.30"]
[SourceQuality "1"]

1. e4 c6 2. d4 d5 3. e5 Bf5 4. h4 h6 5. g4 Bd7 6. h5 c5 7. c3 Nc6 8. Bg2 e6 9. f4 Qb6 10. Nf3 Nge7 11. Kf2 Nc8 12. Kg3 a6 13. a3 N8a7 14. b4 cxd4 15. cxd4 a5 16. bxa5 Nxa5 17. Nc3 Rc8 18. Ne2 Qb3 19. Qxb3 Nxb3 20. Rb1 Nxc1 21. Rhxc1 Rxc1 22. Nxc1 Bc6 23. a4 Kd7 24. Nd3 Be7 25. f5 Ra8 26. fxe6+ fxe6 27. Nf4 Nc8 28. Bh3 Bg5 29. Nxg5 hxg5 30. Nd3 b6 31. Ne1 Rxa4 32. Nf3 Ra3 33. Kg2 b5 34. Nxg5 Ke7 35. Nxe6 Kxe6 36. g5+ Ke7 37. Bxc8 Rc3 38. h6 gxh6 39. gxh6 Bd7 40. Bxd7 1-0

[Event "Sochi Lobanov Memorial Rapid"]
[Site "Sochi"]
[Date "2021.06.24"]
[Round "3"]
[White "Gochelashvili, David"]
[Black "Bratov, Ademir"]
[Result "1-0"]
[WhiteElo "2411"]
[BlackElo "1854"]
[PlyCount "75"]
[EventDate "2021.06.24"]
[EventType "swiss (rapid)"]
[EventRounds "9"]
[EventCountry "RUS"]
[SourceTitle "CBM 203 Extra"]
[Source "ChessBase"]
[SourceDate "2021.09.30"]
[SourceVersion "1"]
[SourceVersionDate "2021.09.30"]
[SourceQuality "1"]

1. e4 e5 2. Nf3 Nc6 3. Nc3 Nf6 4. Bb5 Bb4 5. 0-0 d6 6. d3 0-0 7. Bg5 Bxc3 8. bxc3 Ne7 9. Bxf6 gxf6 10. d4 Ng6 11. g3 f5 12. exf5 Bxf5 13. Re1 Qf6 14. Re3 c6 15. Bd3 Bg4 16. Be2 Rfe8 17. Nd2 Bd7 18. Ne4 Qe7 19. dxe5 Nxe5 20. Nxd6 Qf8 21. Nxe8 Rxe8 22. Qd4 c5 23. Qf4 Ng6 24. Rxe8 Qxe8 25. Qe3 Qxe3 26. fxe3 Ba4 27. Bd3 Ne5 28. Rf1 c4 29. Be4 Ng4 30. Bxb7 Nxe3 31. Rf3 Nxc2 32. Bd5 Bb5 33. Rxf7 Ne3 34. Be6 Kh8 35. Rxa7 Nd1 36. a4 Bc6 37. Bxc4 Nxc3 38. a5 1-0

[Event "Sochi Lobanov Memorial"]
[Site "Sochi"]
[Date "2021.06.18"]
[Round "4"]
[White "Gochelashvili, David"]
[Black "Bratov, Ademir"]
[Result "1-0"]
[WhiteElo "2411"]
[BlackElo "1854"]
[PlyCount "63"]
[EventDate "2021.06.15"]
[EventType "swiss"]
[EventRounds "9"]
[EventCountry "RUS"]
[SourceTitle "CBM 203 Extra"]
[Source "ChessBase"]
[SourceDate "2021.09.30"]
[SourceVersion "1"]
[SourceVersionDate "2021.09.30"]
[SourceQuality "1"]

1. d4 Nf6 2. Bf4 d5 3. e3 e6 4. Nd2 Be7 5. Bd3 0-0 6. c3 b6 7. Ngf3 Ba6 8. Bc2 Nbd7 9. Ne5 Nxe5 10. dxe5 Nd7 11. Qg4 Re8 12. Nf3 f5 13. exf6 Bxf6 14. 0-0-0 Bb7 15. e4 e5 16. Bg3 c6 17. Rhe1 Qc7 18. h4 Nf8 19. exd5 cxd5 20. Qf5 Bc8 21. Qd3 Bb7 22. Bb3 Rad8 23. Qf5 Ng6 24. h5 Nf4 25. Bc2 Nxg2 26. Rxe5 Bxe5 27. Nxe5 g6 28. hxg6 hxg6 29. Nxg6 Qf7 30. Qh3 Qh7 31. Qxg2 d4 32. Bb3+ 1-0

[Event "Anapa Sea Harbor Cup"]
[Site "Anapa"]
[Date "2021.06.07"]
[Round "6"]
[White "Truskavetsky, Alexandr"]
[Black "Bratov, Ademir"]
[Result "1-0"]
[WhiteElo "2386"]
[BlackElo "1854"]
[PlyCount "31"]
[EventDate "2021.06.02"]
[EventType "swiss"]
[EventRounds "9"]
[EventCountry "RUS"]
[SourceTitle "CBM 202 Extra"]
[Source "ChessBase"]
[SourceDate "2021.07.31"]
[SourceVersion "1"]
[SourceVersionDate "2021.07.31"]
[SourceQuality "1"]

1. d4 Nf6 2. Nf3 e6 3. g3 d5 4. Bg2 Be7 5. 0-0 0-0 6. c4 dxc4 7. Qc2 b5 8. a4 c6 9. axb5 cxb5 10. Ng5 h6 11. Nxf7 Rxf7 12. Bxa8 a6 13. b3 Qxd4 14. Bb2 Qa7 15. Bf3 cxb3 16. Qxc8+ 1-0

[Event "Moscow op-A 17th"]
[Site "Moscow"]
[Date "2021.02.26"]
[Round "7"]
[White "Bratov, Ademir"]
[Black "Zhukov, Ivan"]
[Result "1/2-1/2"]
[WhiteElo "1813"]
[BlackElo "2050"]
[PlyCount "85"]
[EventDate "2021.02.20"]
[EventType "swiss"]
[EventRounds "9"]
[EventCountry "RUS"]
[SourceTitle "CBM 200 Extra"]
[Source "ChessBase"]
[SourceDate "2021.03.31"]
[SourceVersion "1"]
[SourceVersionDate "2021.03.31"]
[SourceQuality "1"]

1. e4 c5 2. f4 Nc6 3. Nf3 d6 4. Bb5 Bd7 5. 0-0 e6 6. Nc3 Nge7 7. d3 g6 8. Be3 Bg7 9. Qe1 0-0 10. Qf2 b6 11. Rae1 a6 12. Bxc6 Nxc6 13. Qg3 Rc8 14. Bc1 Nd4 15. Rf2 b5 16. Nd1 Qa5 17. c3 Nxf3+ 18. Rxf3 b4 19. f5 exf5 20. exf5 bxc3 21. f6 cxb2 22. Nxb2 Bh8 23. Nc4 Qxa2 24. Qg5 Rce8 25. Ref1 Re2 26. Nxd6 Be6 27. Ne4 Qc2 28. Kh1 c4 29. Qh6 Rxe4 30. dxe4 Qxe4 31. Rf4 Qe2 32. Rg1 Bd5 33. Qg5 Rd8 34. Qg3 h5 35. Rf2 Qg4 36. Qxg4 hxg4 37. Bb2 Be6 38. Re1 Rd5 39. g3 Rd6 40. Kg1 Rc6 41. Bc3 Kh7 42. Rd1 Bf5 43. Rf4 1/2-1/2

[Event "Moscow op-A 17th"]
[Site "Moscow"]
[Date "2021.02.20"]
[Round "1"]
[White "Naumkin, Igor"]
[Black "Bratov, Ademir"]
[Result "1-0"]
[WhiteElo "2277"]
[BlackElo "1813"]
[PlyCount "49"]
[EventDate "2021.02.20"]
[EventType "swiss"]
[EventRounds "9"]
[EventCountry "RUS"]
[SourceTitle "CBM 200 Extra"]
[Source "ChessBase"]
[SourceDate "2021.03.31"]
[SourceVersion "1"]
[SourceVersionDate "2021.03.31"]
[SourceQuality "1"]

1. d4 Nf6 2. c4 e6 3. Nf3 d5 4. Nc3 Be7 5. Bg5 h6 6. Bh4 0-0 7. e3 Nbd7 8. Bd3 b6 9. 0-0 Bb7 10. Qe2 Rc8 11. Rad1 Re8 12. Ne5 c5 13. f4 Qc7 14. Nb5 Qb8 15. f5 a6 16. Nxd7 Nxd7 17. fxe6 fxe6 18. Bg3 e5 19. Qg4 Bf6 20. Qxd7 axb5 21. dxe5 Rcd8 22. Qf5 Rxe5 23. Qh7+ Kf8 24. Rxf6+ gxf6 25. Bg6 1-0

[Event "Cheliabinsk Panchenko Memorial op-A"]
[Site "Cheliabinsk"]
[Date "2020.09.14"]
[Round "8"]
[White "Bratov, Ademir"]
[Black "Fomkin, Alexander"]
[Result "1-0"]
[WhiteElo "1815"]
[BlackElo "2121"]
[PlyCount "71"]
[EventDate "2020.09.07"]
[EventType "swiss"]
[EventRounds "9"]
[EventCountry "RUS"]
[SourceTitle "CBM 198 Extra"]
[Source "ChessBase"]
[SourceDate "2020.11.30"]
[SourceVersion "1"]
[SourceVersionDate "2020.11.30"]
[SourceQuality "1"]

1. e4 e6 2. d4 d5 3. e5 c5 4. c3 Nc6 5. Nf3 Nge7 6. a3 cxd4 7. cxd4 Nf5 8. b4 Qb6 9. Bb2 Be7 10. Bd3 a5 11. Qa4 Bd7 12. b5 Na7 13. Nc3 Nh4 14. Nxh4 Bxh4 15. 0-0 Rc8 16. Kh1 f5 17. f4 0-0 18. g3 Be7 19. Rac1 Qd8 20. Qb3 Be8 21. Rf2 Bh5 22. Kg2 g5 23. Be2 Bxe2 24. Nxe2 Qb6 25. a4 Rxc1 26. Bxc1 Nc6 27. Qc3 Bb4 28. Qe3 Ne7 29. fxg5 Rc8 30. h4 Rc4 31. h5 Qc7 32. g6 Nc8 33. Qh6 Rxc1 34. gxh7+ Kh8 35. Qxc1 Qxc1 36. Nxc1 1-0

[Event "Cheliabinsk Panchenko Memorial op-A"]
[Site "Cheliabinsk"]
[Date "2020.09.11"]
[Round "5"]
[White "Batozhargalov, Erdem"]
[Black "Bratov, Ademir"]
[Result "1/2-1/2"]
[WhiteElo "1349"]
[BlackElo "1815"]
[PlyCount "83"]
[EventDate "2020.09.07"]
[EventType "swiss"]
[EventRounds "9"]
[EventCountry "RUS"]
[SourceTitle "CBM 198 Extra"]
[Source "ChessBase"]
[SourceDate "2020.11.30"]
[SourceVersion "1"]
[SourceVersionDate "2020.11.30"]
[SourceQuality "1"]

1. e4 e5 2. Nf3 Nc6 3. Bb5 Nge7 4. d4 exd4 5. Nxd4 Ng6 6. 0-0 Qf6 7. Be3 Bd6 8. Nf5 Be5 9. Nc3 Bxc3 10. bxc3 0-0 11. Nd4 a6 12. Be2 Nf4 13. Qd2 Nxe2+ 14. Qxe2 Re8 15. f3 d6 16. Rab1 Qe5 17. Qc4 d5 18. Qc5 dxe4 19. Nxc6 Qxc5 20. Bxc5 bxc6 21. Rfe1 f5 22. Rb4 a5 23. Ra4 Rb8 24. Rxa5 Rb5 25. Bb4 Kf7 26. a4 Rxa5 27. Bxa5 Re7 28. fxe4 fxe4 29. Kf2 c5 30. Ke3 Bd7 31. Bxc7 Bxa4 32. Bd6 Rd7 33. Bxc5 Bxc2 34. Bd4 Bd3 35. Ra1 Ke6 36. g4 g6 37. Ra7 Rxa7 38. Bxa7 Kf6 39. h4 g5 40. Bd4+ Kg6 41. h5+ Kf7 42. h6 1/2-1/2

[Event "Voronezh op-B 23rd"]
[Site "Voronezh"]
[Date "2019.06.19"]
[Round "8"]
[White "Fadin, Evgeny"]
[Black "Bratov, Ademir"]
[Result "1/2-1/2"]
[WhiteElo "2020"]
[BlackElo "1725"]
[PlyCount "128"]
[EventDate "2019.06.12"]
[EventType "swiss"]
[EventRounds "9"]
[EventCountry "RUS"]
[SourceTitle "EXT 2020"]
[Source "ChessBase"]
[SourceDate "2019.10.17"]
[SourceVersion "1"]
[SourceVersionDate "2019.10.17"]
[SourceQuality "1"]

1. Nf3 f5 2. g3 Nf6 3. Bg2 g6 4. c4 Bg7 5. Nc3 0-0 6. d4 d6 7. 0-0 c6 8. Bg5 Qe8 9. Qc1 e5 10. dxe5 dxe5 11. e4 Nh5 12. Rd1 f4 13. Rd8 Qf7 14. Rxf8+ Qxf8 15. Qd2 Bd7 16. g4 Bxg4 17. Bd8 Na6 18. Rd1 Nc5 19. Bc7 Ne6 20. Bd6 Qe8 21. Ne2 Rd8 22. Qc1 Bxf3 23. Bxf3 Ng5 24. Bh1 Qe6 25. Ba3 Re8 26. f3 Nf7 27. Bg2 g5 28. Kh1 Nf6 29. Qc2 h5 30. Ng1 g4 31. b3 Ng5 32. Rd6 Qf7 33. c5 Nfxe4 34. fxe4 f3 35. Bf1 f2 36. Bc4 fxg1R+ 37. Kxg1 Ne6 38. Qd2 Kh7 39. Bxe6 Rxe6 40. Qg5 Bh6 41. Qf5+ Qxf5 42. exf5 Rxd6 43. cxd6 Bg5 44. d7 Bd8 45. Bd6 Kg7 46. Bxe5+ Kf7 47. Kf2 Ke7 48. Ke3 Kxd7 49. Kf4 Bh4 50. Bg7 Ke7 51. Be5 c5 52. Ke4 a6 53. Kf4 b5 54. Ke4 Bf6 55. Bg3 Kd7 56. Kd5 h4 57. Bf2 c4 58. bxc4 bxc4 59. Kxc4 Kd6 60. Kb4 Kd5 61. Ka5 Ke4 62. Kxa6 Kf3 63. Be1 g3 64. Bxg3 hxg3 1/2-1/2